[Event "TCh-FRA Top 16 Gp B"]
[Site "Montpellier FRA"]
[Date "2008.04.10"]
[Round "4"]
[White "Neiman,E"]
[Black "Housieaux,D"]
[Result "1/2-1/2"]
[WhiteElo "2371"]
[BlackElo "2353"]

1.d4 d6 2.e4 Nf6 3.Nc3 e5 4.Nge2 Nbd7 5.g3 Be7 6.Bg2 O-O 7.O-O Re8 8.h3 Bf8
9.g4 exd4 10.Nxd4 Nc5 11.Re1 g6 12.Nb3 Nfd7 13.Be3 b6 14.e5 Bb7 15.Nxc5 Nxc5
16.Bxb7 Nxb7 17.Qf3 Rb8 18.Ne4 Rxe5 19.Nf6+ Kg7 20.Bd4 Qxf6 21.Qxf6+ Kxf6
22.f4 Ke6 23.fxe5 d5 24.Rf1 Bg7 25.Rae1 c5 26.Bf2 Nd8 27.Bg3 Rb7 28.g5 Ke7
29.h4 Ne6 30.Kg2 Nd4 31.c3 Nf5 32.h5 Ke6 33.Bf4 Rd7 34.Kf3 Bf8 35.Rh1 Bg7
36.Rc1 Rd8 37.b4 c4 38.b5 d4 39.cxd4 Rxd4 40.Rhd1 Bxe5 41.Bxe5 Kxe5 42.Re1+ Kd5
43.h6 Rd3+ 44.Kf4 Rd4+ 45.Kf3 Rd3+ 46.Kf4 Rd4+  1/2-1/2

[Event "82nd ch-ARG s/f"]
[Site "Buenos Aires ARG"]
[Date "2008.04.11"]
[Round "1"]
[White "Virgillito,C"]
[Black "Felgaer,R"]
[Result "0-1"]
[WhiteElo "2194"]
[BlackElo "2574"]

1.e4 d6 2.d4 Nf6 3.Nc3 c6 4.a4 Nbd7 5.Nf3 e5 6.Bc4 Be7 7.O-O O-O 8.Qe2 a5
9.Rd1 Qb6 10.h3 exd4 11.Nxd4 Nc5 12.e5 dxe5 13.Qxe5 Re8 14.Nf5 Bxf5 15.Qxf5 Qb4
16.Ba2 Rad8 17.Be3 Rxd1+ 18.Rxd1 Nxa4 19.Nxa4 Qxa4 20.Bb3 Qb4 21.Bd2 Qd4
22.Qf3 Rd8 23.c4 Qb6 24.Bc1 Rxd1+ 25.Bxd1 Qd4 26.Qb3 Bb4 27.Be3 Qe5 28.Qd3 Bd6
29.Bf3 g6 30.Kf1 h5 31.Bd4 Qe6 32.b3 Nd7 33.Bc3 Bb4 34.Bxb4 axb4 35.Qd2 Qe7
36.c5 Nxc5 37.Qxb4 Qe5 38.Qa5 Qd4 39.Qb6 Qa1+ 40.Ke2 Qb2+ 41.Kf1 Nxb3 42.Kg1 Qa1+
43.Kh2 Qe5+ 44.g3 Nc5 45.Kg2 Qe7 46.Qb4 Qe5 47.h4 Nd3 48.Qd2 Ne1+  0-1

[Event "TCh-RUS Major League"]
[Site "Dagomys RUS"]
[Date "2008.04.11"]
[Round "9"]
[White "Smirnov,P"]
[Black "Belikov,V"]
[Result "1-0"]
[WhiteElo "2589"]
[BlackElo "2554"]

1.e4 d6 2.d4 Nf6 3.Nc3 e5 4.Nf3 Nbd7 5.Bc4 Be7 6.O-O O-O 7.a4 a5 8.Re1 c6
9.Ba2 exd4 10.Nxd4 Nc5 11.Bf4 Be6 12.Nxe6 fxe6 13.e5 Nfd7 14.exd6 Rxf4 15.Rxe6 Nxe6
16.Bxe6+ Kf8 17.dxe7+ Kxe7 18.Qd2 Rf6 19.Bb3 Qc7 20.Re1+ Kf8 21.Qe3 Qd6 22.Ne4 Re8
23.Nxd6 Rxe3 24.Rxe3 Rxd6 25.Kf1 Rd1+ 26.Ke2 Rg1 27.g3 Rb1 28.Rf3+ Nf6 29.Rf5 Ke7
30.Rxa5 Kd6 31.Ra7 Kc7 32.Ra8 Rxb2 33.Rf8 Kd6 34.Rf7 Ne4 35.Rxg7 Nc5 36.Kd2 Rb1
37.Bg8 Nxa4 38.Bxh7 b5 39.h4 b4 40.h5 Nc3 41.h6 Rh1 42.Rg6+ Kc5 43.Kd3 Rh2
44.Bg8 Rxf2 45.h7 Rf3+ 46.Kd2 Rf2+ 47.Ke1 Rh2 48.Rg4 Rh1+ 49.Kf2  1-0

[Event "TCh-RUS Major League"]
[Site "Dagomys RUS"]
[Date "2008.04.11"]
[Round "9"]
[White "Raetsky,A"]
[Black "Pridorozhni,A"]
[Result "1-0"]
[WhiteElo "2424"]
[BlackElo "2510"]

1.d4 d6 2.e4 Nf6 3.Nc3 Nbd7 4.f4 e5 5.Nf3 Be7 6.Be2 exd4 7.Nxd4 O-O 8.O-O Re8
9.Bf3 Bf8 10.Re1 a5 11.Be3 Nc5 12.Bf2 c6 13.a4 Ne6 14.Qd2 d5 15.exd5 cxd5
16.Ndb5 Bd7 17.Rad1 Bb4 18.f5 Nc7 19.Rxe8+ Bxe8 20.Qd3 Nxb5 21.Nxb5  1-0

[Event "TCh-FRA Top 16 Gp A"]
[Site "Noyon FRA"]
[Date "2008.04.11"]
[Round "5"]
[White "Steil Antoni,F"]
[Black "Mohamad,Jam"]
[Result "1-0"]
[WhiteElo "2122"]
[BlackElo "1833"]

1.e4 d6 2.d4 Nf6 3.Nc3 c6 4.f4 Qa5 5.Bd3 e5 6.Nf3 Be7 7.O-O Bg4 8.Be3 Nbd7
9.h3 Bxf3 10.Qxf3 exd4 11.Bxd4 Bd8 12.Kh1 Bb6 13.Bf2 Bxf2 14.Rxf2 O-O-O 15.a3 Qc5
16.Rff1 g6 17.Ne2 Rhe8 18.b4 Qb6 19.Ng3 h5 20.Rfe1 h4 21.Nf1 Nh5 22.Kh2 Qd4
23.g4 hxg3+ 24.Nxg3 Qf6 25.Nxh5 gxh5 26.Rg1 Rg8 27.Rxg8 Rxg8 28.Rg1 Rxg1
29.Kxg1 Qg7+ 30.Kf2 Qd4+ 31.Qe3 Qf6 32.Ke2 Nb6 33.Qg3 Kd7 34.e5 dxe5 35.fxe5 Qh6
36.Qf2 Qg7 37.Qf5+ Ke7 38.Qxh5 Qg2+ 39.Kd1 Qg1+ 40.Kd2 Nd5 41.Qh4+ Ke8 42.c4 Qh2+
43.Kc1 Nc3 44.Qh8+ Ke7 45.Qf6+ Ke8 46.e6 Qg1+ 47.Bf1 Ne2+ 48.Kb1 Qd4 49.Qxf7+  1-0

[Event "Mediana"]
[Site "Nis SRB"]
[Date "2008.04.14"]
[Round "2"]
[White "Trajkovic,P"]
[Black "Bogosavljevic,B"]
[Result "1/2-1/2"]
[WhiteElo "2458"]
[BlackElo "2492"]

1.d4 d6 2.e4 Nf6 3.Nc3 Nbd7 4.Nf3 e5 5.Bc4 Be7 6.O-O O-O 7.Re1 c6 8.a4 a5
9.h3 exd4 10.Nxd4 Nc5 11.Bf4  1/2-1/2

[Event "82nd ch-ARG s/f"]
[Site "Buenos Aires ARG"]
[Date "2008.04.16"]
[Round "7"]
[White "Dos Santos,R"]
[Black "Felgaer,R"]
[Result "1/2-1/2"]
[WhiteElo "2436"]
[BlackElo "2574"]

1.e4 d6 2.d4 Nf6 3.Nc3 Nbd7 4.f4 e5 5.Nf3 exd4 6.Qxd4 c6 7.Be3 d5 8.e5 Ng4
9.Bg1 Nh6 10.O-O-O Nf5 11.Qd2 Bb4 12.a3 Ba5 13.g4 Nh4 14.Nd4 O-O 15.g5 c5
16.Nb3 d4 17.Nxa5 Qxa5 18.Ne4 Qc7 19.Qe1 Nf5 20.h4 Nb6 21.Qa5 Qc6 22.Bg2 Nd5
23.Qxc5 Qxc5 24.Nxc5 Nxf4 25.Bf3  1/2-1/2

[Event "Copenhagen Chess Challenge"]
[Site "Ballerup DEN"]
[Date "2008.04.17"]
[Round "3"]
[White "Hansen,Martin2"]
[Black "Semcesen,D"]
[Result "1/2-1/2"]
[WhiteElo "2107"]
[BlackElo "2351"]

1.e4 d6 2.d4 Nf6 3.Nc3 Nbd7 4.Nf3 e5 5.Bc4 Be7 6.O-O O-O 7.Re1 c6 8.a4 b6
9.d5 c5 10.a5 Ne8 11.axb6 Nxb6 12.Bb5 a6 13.Bc6 Rb8 14.Nd2 g6 15.Na4 Nd7
16.Nc4 Bg5 17.Bxg5 Qxg5 18.Nc3 Qe7 19.b3 Kh8 20.Qd2 Nc7 21.f4 f6 22.f5 Kg7
23.Rf1 Nb6 24.Ne3 Bd7 25.Bxd7 Qxd7 26.h4  1/2-1/2

[Event "10th North American FIDE Inv"]
[Site "Chicago USA"]
[Date "2008.04.19"]
[Round "2"]
[White "Yuan Yuanling"]
[Black "Young,A PHI"]
[Result "0-1"]
[WhiteElo "2119"]
[BlackElo "2381"]

1.e4 d6 2.d4 Nf6 3.Nc3 c6 4.Nf3 Qa5 5.Bd3 e5 6.O-O Be7 7.h3 Nbd7 8.Be3 O-O
9.Ne2 Re8 10.Ng3 g6 11.c3 Bf8 12.Nh2 d5 13.Qc2 dxe4 14.Nxe4 Nd5 15.c4 Nxe3
16.fxe3 f5 17.Nc3 Bh6 18.Rfe1 e4 19.Bf1 Nf6 20.Qf2 Qc7 21.g3 Be6 22.b3 Bf8
23.Bg2 c5 24.d5 Bd7 25.Nf1 Bd6 26.Rac1 a6 27.Red1 Rf8 28.Ne2 g5 29.Qe1 Rae8
30.a3 Re7 31.Kh1 Rg7 32.Rc2 Rg6 33.Kh2 Rf7 34.Rb1 h5 35.Kh1 h4 36.gxh4 g4
37.Ng1 Rh7 38.b4 b6 39.Qf2 g3 40.Qe1 Rxh4 41.Nd2 Ng4 42.Nb3 Rh7 43.bxc5 bxc5
44.Nc1 Nf2+ 45.Rxf2 gxf2 46.Qxf2 Rhg7  0-1

[Event "IX EICC"]
[Site "Plovdiv BUL"]
[Date "2008.04.21"]
[Round "1"]
[White "Berg,E"]
[Black "Lubczynski,R"]
[Result "1-0"]
[WhiteElo "2601"]
[BlackElo "2418"]

1.e4 d6 2.d4 Nf6 3.Nc3 e5 4.Nf3 Nbd7 5.Bc4 Be7 6.O-O O-O 7.a4 c6 8.Re1 a5
9.Ba2 h6 10.h3 Re8 11.Be3 Qc7 12.Qd2 exd4 13.Nxd4 Bf8 14.f3 Nc5 15.Rad1 Bd7
16.Qf2 d5 17.Nde2 dxe4 18.Bxc5 Bxc5 19.Qxc5 exf3 20.gxf3 Bxh3 21.Nb5 Qe7
22.Qxe7 Rxe7 23.Nd6 Rd8 24.Kf2 Kf8 25.Nf4 Red7 26.Nxf7 Rd2+ 27.Rxd2  1-0

[Event "IX EICC"]
[Site "Plovdiv BUL"]
[Date "2008.04.21"]
[Round "1"]
[White "Areshchenko,A"]
[Black "Sebenik,M"]
[Result "1-0"]
[WhiteElo "2650"]
[BlackElo "2502"]

1.e4 d6 2.d4 Nf6 3.Nc3 e5 4.Nf3 Nbd7 5.Bc4 Be7 6.O-O O-O 7.Re1 a6 8.a4 b6
9.Bg5 Bb7 10.d5 Kh8 11.Nd2 Ng8 12.Be3 g6 13.Nf1 Bg5 14.Qd2 Bxe3 15.Nxe3 f5
16.exf5 gxf5 17.f4 exf4 18.Qd4+ Ne5 19.Qxf4 Ne7 20.Bd3 N7g6 21.Qd4 Qf6 22.Kh1 Bc8
23.Rf1 Nxd3 24.Qxf6+ Rxf6 25.cxd3 f4 26.Nc2 Bg4 27.Nd4 Ne5 28.Ne4 Rff8 29.Nf2 Bf5
30.Ra3 Rae8 31.Rc3 Ng4 32.Nxg4 Bxg4 33.h3 Be2 34.Rf2 f3 35.gxf3 Bd1 36.f4 Re3
37.Kh2 Bxa4 38.Rxc7 Rxd3 39.Ne6 Rg8 40.Ng5 Rg7 41.Rc8+ Rg8 42.Rg2  1-0

[Event "IX EICC"]
[Site "Plovdiv BUL"]
[Date "2008.04.21"]
[Round "1"]
[White "Swiercz,D"]
[Black "Markowski,T"]
[Result "1/2-1/2"]
[WhiteElo "2413"]
[BlackElo "2598"]

1.e4 d6 2.d4 Nf6 3.Nc3 e5 4.Nf3 Nbd7 5.Bc4 Be7 6.O-O O-O 7.Re1 c6 8.a4 b6
9.d5 cxd5 10.Nxd5 Nxd5 11.Bxd5 Rb8 12.Qd3 Nc5 13.Qd2 Bg4 14.Ra3 Rc8 15.a5 b5
16.c4 bxc4 17.Bxc4 Ne6 18.Bd5 h6 19.b4 Qc7 20.Bb2 Nf4 21.h3 Bxf3 22.Rxf3 Qc2
23.Bc3 Qxd2 24.Bxd2 Nxd5 25.exd5 a6 26.Rb3 Rb8 27.b5 Rxb5 28.Rxb5 axb5 29.Rb1 Rb8
30.Be3 Bg5 31.Bb6 Bd2 32.Bc7 Rb7 33.Bxd6 Bxa5 34.Bxe5 f6 35.Bf4 Kf7 36.Kf1 Bc3
37.Ke2 Ke7 38.Kd3 Be5 39.Bd2 Kd7 40.Ke4 Bd6 41.Rb3 b4 42.Kd3 Rb5 43.Kc4 Rc5+
44.Kd4 Rc2 45.Bxb4 Rxf2 46.Bxd6 Kxd6 47.Rb6+ Kc7 48.Rc6+ Kd7 49.g4 Rf3  1/2-1/2

[Event "IX EICC w"]
[Site "Plovdiv BUL"]
[Date "2008.04.22"]
[Round "2"]
[White "Lahno,K"]
[Black "Stojanovic,An"]
[Result "1-0"]
[WhiteElo "2479"]
[BlackElo "2346"]

1.e4 d6 2.d4 Nf6 3.Nc3 e5 4.Nf3 exd4 5.Nxd4 Be7 6.g3 Nc6 7.Nxc6 bxc6 8.Bg2 Rb8
9.O-O O-O 10.b3 c5 11.Bf4 Be6 12.Qe2 Nd7 13.Rad1 Bf6 14.Nd5 Bxd5 15.Rxd5 Qe7
16.Qa6 Ne5 17.c3 c6 18.Rdd1 Rfd8 19.Bd2 Qc7 20.f4 Nd7 21.Be1 Nf8 22.Qc4 a5
23.g4 h6 24.h4 g6 25.g5 hxg5 26.hxg5 Bg7 27.Bg3 Qe7 28.Rd3 Nd7 29.Qa4 Rb5
30.c4 Nb6 31.Qa3 Rb4 32.Be1 Ra8 33.Qc1 Bd4+ 34.Kh2 Kg7 35.a3 Rh8+ 36.Kg3 f6
37.axb4 fxg5 38.Bc3 gxf4+ 39.Qxf4  1-0

[Event "IX EICC"]
[Site "Plovdiv BUL"]
[Date "2008.04.22"]
[Round "2"]
[White "Timofeev,Arty"]
[Black "Bocharov,D"]
[Result "1/2-1/2"]
[WhiteElo "2664"]
[BlackElo "2569"]

1.e4 d6 2.d4 Nf6 3.Nc3 e5 4.Nf3 Nbd7 5.Bc4 Be7 6.O-O O-O 7.Re1 a6 8.a4 b6
9.b3 Bb7 10.Bb2 c6 11.Bd3 g6 12.Qd2 Re8 13.Rad1 Bf8 14.h3 b5 15.axb5 axb5
16.Ne2 exd4 17.Nexd4 Bg7 18.b4 Qb6 19.Qf4 Ne5 20.Qh4 Ra2 21.Bc1 Nxd3 22.cxd3 c5
23.Nb3 c4 24.Be3 Qc7 25.Nbd4 cxd3 26.Nxb5 Qd7 27.Nc3 Ra3 28.Bd4 Nh5 29.Rxd3 Rc8
30.Ree3 Ba6 31.b5 Bxb5 32.Nxb5 Rxd3 33.Rxd3 Qxb5 34.Rd1 Qb3 35.Rf1 Re8 36.Bxg7 Kxg7
37.Nd4 Qc3 38.Nf5+ gxf5 39.Qg5+ Kh8 40.Qxh5 fxe4 41.Qxf7 Qe5 42.Rd1 e3 43.fxe3 Qxe3+
44.Kh1 Qe5 45.Qd7 Ra8 46.Qxd6 Qxd6 47.Rxd6 Kg7 48.Kh2 Ra3 49.h4  1/2-1/2

[Event "IX EICC"]
[Site "Plovdiv BUL"]
[Date "2008.04.23"]
[Round "3"]
[White "Chudinovskikh,A"]
[Black "Markowski,T"]
[Result "1/2-1/2"]
[WhiteElo "2392"]
[BlackElo "2598"]

1.e4 d6 2.d4 Nf6 3.Nc3 e5 4.dxe5 dxe5 5.Qxd8+ Kxd8 6.Bc4 Ke8 7.Nf3 Bd6 8.Bg5 Nbd7
9.h3 h6 10.Bd2 Nc5 11.O-O-O Nfxe4 12.Nxe4 Nxe4 13.Nxe5 Be6  1/2-1/2

[Event "IX EICC"]
[Site "Plovdiv BUL"]
[Date "2008.04.23"]
[Round "3"]
[White "Ris,R"]
[Black "Czebe,A"]
[Result "1/2-1/2"]
[WhiteElo "2395"]
[BlackElo "2513"]

1.e4 d6 2.d4 Nf6 3.Nc3 e5 4.dxe5 dxe5 5.Qxd8+ Kxd8 6.Bc4 Be6 7.Bxe6 fxe6
8.f3 Nc6 9.Be3 Bd6 10.Nh3 Ke7 11.Nf2 a6 12.Nd3 Nb4 13.O-O-O Nxd3+ 14.Rxd3 b5
15.b3 Ba3+ 16.Kd1 Rhd8 17.Rxd8 Rxd8+ 18.Ke2 h6 19.Nd1 Nd7 20.Nf2 Nb8 21.Nd3 Nc6
22.c3 Bd6 23.Rc1 Kf7 24.c4 b4 25.g4 a5 26.h4 Be7 27.h5 Bg5 28.Bxg5 hxg5 29.Nc5 Ke7
30.Ke3 Nd4 31.Nd3 Nc6 32.Nc5 Rf8 33.Nd3 Ra8 34.Nc5 Rf8 35.Nd3 Ra8 36.Nc5 Nd4
37.Rh1 Kd6 38.Nd3 c5 39.Nb2 Rf8 40.Rf1 Kc6 41.Rf2 Kd7 42.Nd3 Kd6 43.Nb2 Kc6
44.Rf1 Kd6 45.Rf2 Rh8  1/2-1/2

[Event "IX EICC"]
[Site "Plovdiv BUL"]
[Date "2008.04.25"]
[Round "5"]
[White "Marholev,D"]
[Black "Maletin,P"]
[Result "0-1"]
[WhiteElo "2400"]
[BlackElo "2574"]

1.e4 d6 2.d4 Nf6 3.Nc3 e5 4.Nge2 Be7 5.h3 c6 6.g4 b5 7.Ng3 O-O 8.Bg2 exd4
9.Qxd4 d5 10.exd5 b4 11.Nce4 Nxd5 12.O-O Qb6 13.Rd1 Rd8 14.Qxb6 axb6 15.b3 Be6
16.Bb2 Nd7 17.c4 Nf4 18.Nf5 Bxf5 19.gxf5 Nxg2 20.Kxg2 f6 21.Kf3 Ra5 22.Kf4 Nf8
23.Rxd8 Bxd8 24.a4 Bc7+ 25.Ke3 Rxf5 26.c5 Ne6 27.cxb6 Bxb6+ 28.Kd2 Ng5 29.Nxg5 Rxf2+
30.Kc1 fxg5 31.a5 Rf1+ 32.Kc2 Rxa1 33.axb6 Ra5  0-1

[Event "3rd Open"]
[Site "Angers FRA"]
[Date "2008.04.26"]
[Round "3"]
[White "Pailhe,L"]
[Black "Pellegrini,T"]
[Result "1/2-1/2"]
[WhiteElo "2012"]
[BlackElo "1703"]

1.e4 d6 2.d4 Nf6 3.Nc3 Nbd7 4.Nf3 e5 5.Bc4 Be7 6.O-O O-O 7.Re1 c6 8.a4 Qc7
9.a5 b6 10.axb6 Nxb6 11.Bb3 Bg4 12.Be3 Rad8 13.Qd3 Bxf3 14.gxf3 d5 15.dxe5 dxe4
16.Qf1 Qxe5 17.Rxa7 Nbd5 18.Nxe4 Nxe4 19.fxe4 Nxe3 20.Rxe3 Rd6 21.Qc4 Rf6
22.Qc3 Qf4 23.Rf3 Qxf3 24.Qxf3 Rxf3 25.Rxe7 h6 26.Kg2 Rf6 27.e5 Rg6+ 28.Kf3 Rg5
29.c3  1/2-1/2

[Event "IX EICC"]
[Site "Plovdiv BUL"]
[Date "2008.04.26"]
[Round "6"]
[White "Sanduleac,V"]
[Black "Kostic,Neb"]
[Result "1-0"]
[WhiteElo "2461"]
[BlackElo "2334"]

1.e4 d6 2.d4 Nf6 3.Nc3 c6 4.g3 e5 5.Bg2 Qc7 6.a4 b6 7.Nge2 a6 8.O-O Be7 9.h3 Bb7
10.Be3 Nbd7 11.Qd2 O-O 12.g4 Rfd8 13.Ng3 d5 14.exd5 exd4 15.Bxd4 Nxd5 16.Nxd5 cxd5
17.Bxg7 Nc5 18.Bd4 Ne6 19.Nh5 Bg5 20.f4 Be7 21.Nf6+ Bxf6 22.Bxf6 Rd6 23.Be5 Qe7
24.f5 Nc5 25.Rae1 f6 26.Bxd6 Qxd6 27.Qf4 Qd7 28.Qd4 Rf8 29.a5  1-0

[Event "IX EICC"]
[Site "Plovdiv BUL"]
[Date "2008.04.26"]
[Round "6"]
[White "Iordachescu,V"]
[Black "Janev,E"]
[Result "1-0"]
[WhiteElo "2584"]
[BlackElo "2472"]

1.e4 d6 2.d4 Nf6 3.Nc3 e5 4.Nf3 Nbd7 5.Bc4 Be7 6.O-O O-O 7.Re1 exd4 8.Nxd4 Nb6
9.Bf1 c5 10.Nf3 Bg4 11.h3 Bh5 12.a4 d5 13.Nxd5 Nfxd5 14.exd5 Bd6 15.c4 Qf6
16.Ra3 Rae8 17.Rxe8 Rxe8 18.a5 Nd7 19.Qa4 Qd8 20.Bd2 f5 21.Qc2 Qf6 22.Bc3 Qd8
23.Qxf5 Bg6 24.Qg5 Qc7 25.Qc1 h6 26.Bd2 Be4 27.g3 Nf6 28.Bg2 Bh7 29.Re3 Rxe3
30.Bxe3 Qxa5 31.Bf4 Qc7 32.Bxd6 Qxd6 33.Qe3 Be4 34.Nh4 Bb1 35.Bf1 b5 36.cxb5 Qxd5
37.Qc1 Ba2 38.Ng6 Qd4 39.Ne7+ Kf8 40.Nc6 Qd6 41.Nxa7 Bd5 42.Nc6 Bxc6 43.bxc6 Qxc6
44.b4 Nd7 45.Qf4+ Ke7 46.Qg4 Qf6 47.Bb5 Ne5 48.Qe2 Kd6 49.Qd1+ Kc7 50.bxc5 Nf3+
51.Kf1 Nd4 52.Qa4 Kb8 53.Bd3 Qe5 54.Qb4+ Kc8 55.Ba6+ Kd8 56.Qb6+ Ke7 57.Qb7+ Kd8
58.Bb5 Qf5 59.Qb8+ Ke7 60.Qd6+  1-0

[Event "IX EICC"]
[Site "Plovdiv BUL"]
[Date "2008.04.26"]
[Round "6"]
[White "Kobalia,M"]
[Black "Jovanovic,Zo CRO"]
[Result "1/2-1/2"]
[WhiteElo "2627"]
[BlackElo "2546"]

1.e4 d6 2.d4 Nf6 3.Nc3 e5 4.Nge2 Be7 5.g3 c6 6.Bg2 b5 7.a3 Bb7 8.h3 h5 9.O-O Nbd7
10.Be3 O-O 11.Nb1 Re8 12.Nd2 Bf8 13.c3 a6 14.Qc2 Qc7 15.Rad1 Rac8 16.Qb1 g6
17.Rfe1 Bg7 18.b4 Nb6 19.dxe5 dxe5 20.c4 Nfd7 21.Rc1 Na4 22.Nb3 Nf8 23.h4 Ne6
24.Bh3 Rcd8 25.Bxe6 Rxe6 26.Nc3 Nxc3 27.Rxc3 Qe7 28.Bc5 Qf6 29.Bb6 Rde8 30.Be3 Bf8
31.Rd1 Rd6 32.Bc5 Rxd1+ 33.Qxd1 Rd8 34.Rd3 Rxd3 35.Qxd3 Bc8 36.Bxf8 Kxf8
37.cxb5 axb5 38.Qc3 Qd6 39.Qc5 Ke7 40.f4 Qxc5+ 41.Nxc5 Kd6 42.Kf2 f6 43.Ke3 Bg4
44.Nd3 Be6 45.Nc5 Bg4 46.fxe5+ fxe5 47.Nd3 Bd7 48.Nc5  1/2-1/2

[Event "IX EICC"]
[Site "Plovdiv BUL"]
[Date "2008.04.26"]
[Round "6"]
[White "Aveskulov,V"]
[Black "Lubczynski,R"]
[Result "1-0"]
[WhiteElo "2535"]
[BlackElo "2418"]

1.e4 d6 2.d4 Nf6 3.Nc3 e5 4.Nf3 Nbd7 5.Bc4 Be7 6.O-O O-O 7.Re1 c6 8.a4 a5
9.b3 h6 10.Ba3 Qc7 11.Nh4 Nb6 12.Ng6 Nxc4 13.Nxe7+ Qxe7 14.bxc4 Rd8 15.Qd3 c5
16.dxc5 dxc5 17.Nd5 Nxd5 18.exd5 Qd6 19.Bb2 f6 20.Qg6 Qf8 21.Re3 Qf7 22.Qe4 Qh5
23.Rb3 Ra6 24.Qe3 b6 25.f4 exf4 26.Qxf4 Qf5 27.Qe3 Bd7 28.Rf1 Qxc2 29.Bxf6 Rf8
30.Qg3 Rf7 31.Rbf3 Bxa4 32.Be5 Rd7 33.Qg4 Ra8 34.Qe6+ Kh7 35.h3 Qg6 36.Rf6 gxf6
37.Rxf6 Re8 38.Qxb6 Qxf6 39.Qxf6 Bc2 40.Bf4 Bg6 41.Qh4 h5 42.Qg5 Kg7 43.Qh6+ Kf7
44.Bd2 a4 45.Bc3 Rg8 46.Qf4+ Ke8 47.Qb8+ Kf7 48.Qe5 Re7 49.Qf6+ Ke8 50.d6 Re2
51.Be5  1-0

[Event "IX EICC w"]
[Site "Plovdiv BUL"]
[Date "2008.04.27"]
[Round "7"]
[White "Makropoulou,M"]
[Black "Stojanovic,An"]
[Result "1/2-1/2"]
[WhiteElo "2254"]
[BlackElo "2346"]

1.e4 d6 2.d4 Nf6 3.Nc3 e5 4.dxe5 dxe5 5.Qxd8+ Kxd8 6.Bg5 Nd7 7.O-O-O c6 8.h3 Bc5
9.Nf3 Ke7 10.Bh4 b5 11.Be2 h6 12.g4 g5 13.Bg3 Bd6 14.Bd3 Ke6 15.Rd2 Nb6 16.Rhd1 Ne8
17.Be2 f6 18.Ne1 Be7 19.Ng2 Nd6 20.f3 Ndc4 21.Bxc4+ Nxc4 22.Rd3 Ba6 23.Bf2 h5
24.Ne3 hxg4 25.hxg4 b4 26.Na4 Nxe3 27.Rxe3 Bb5 28.b3 Rh2 29.Bg1 Rg2 30.Ree1 Rh8
31.Rd2 Rg3 32.Nc5+ Kf7 33.Nb7 Rh1 34.Rdd1 a6 35.c4 bxc3 36.a4 Ba3+ 37.Kc2 Be2
38.Rxe2 Rhxg1 39.Rxg1 Rxg1 40.Kxc3 Rc1+ 41.Kd3  1/2-1/2

[Event "IX EICC"]
[Site "Plovdiv BUL"]
[Date "2008.04.27"]
[Round "7"]
[White "Volokitin,And"]
[Black "Khismatullin,D"]
[Result "0-1"]
[WhiteElo "2684"]
[BlackElo "2584"]

1.e4 d6 2.d4 Nf6 3.Nc3 e5 4.Nf3 Nbd7 5.Bc4 Be7 6.O-O O-O 7.Re1 c6 8.a4 b6
9.b3 a6 10.d5 cxd5 11.Nxd5 Nxd5 12.Qxd5 Qc7 13.Qxa8 Bb7 14.Qa7 Ra8 15.Qxb7 Qxb7
16.Bd5 Qa7 17.Bxa8 Qxa8 18.Ba3 Qc6 19.Rad1 b5 20.axb5 axb5 21.Rd2 g6 22.Bb4 Kg7
23.h3 Nc5 24.Bxc5 Qxc5 25.Rde2 Bd8 26.Rd1 Bb6 27.Rd5 Qc6 28.Red2 Bc5 29.c3 b4
30.c4 Qa8 31.Nxe5 dxe5 32.Rxc5 Qxe4 33.Rcd5 Qb1+ 34.Kh2 e4 35.Re5 Qc1 36.Red5 Qb1
37.R5d4 e3 38.fxe3 Qxb3 39.R2d3 Qc2 40.Rd2 b3 41.Rd7 h5 42.c5 h4 43.e4 Qxe4
44.Rf2 b2 45.Rdxf7+ Kh6 46.Rf1 b1=Q 47.Rxb1 Qxb1 48.c6 Qc2 49.c7 g5 50.Kh1 Kg6
51.Rf3 Qxc7 52.Kg1 Qe5 53.Kh1 Qa1+ 54.Kh2 Qc1 55.Rf2 Qc7+ 56.Kh1 g4 57.hxg4 h3
58.Rf3 hxg2+ 59.Kxg2 Kg5 60.Kh3 Qh7+ 61.Kg3 Qh4+ 62.Kg2 Qe1 63.Rf8 Qe4+ 64.Kh2 Qe5+
65.Kh3 Qc3+ 66.Kg2 Qc6+ 67.Kf1 Qc4+ 68.Kg2 Kxg4 69.Rf2 Qd5+ 70.Kh2 Qd4 71.Kg2 Qd3
72.Kg1 Kg3 73.Rg2+ Kf3 74.Rf2+ Ke3 75.Rg2 Qd4 76.Rg3+ Ke2+ 77.Kg2 Qe4+ 78.Kg1 Qd4+
79.Kg2 Qf4 80.Kh3 Qh6+ 81.Kg4 Qg6+ 82.Kf4 Qd6+ 83.Kg4 Qg6+ 84.Kf4 Qf6+ 85.Ke4 Qh4+  0-1

[Event "IX EICC"]
[Site "Plovdiv BUL"]
[Date "2008.04.27"]
[Round "7"]
[White "Najer,E"]
[Black "Maletin,P"]
[Result "1-0"]
[WhiteElo "2627"]
[BlackElo "2574"]

1.e4 d6 2.d4 Nf6 3.Nc3 e5 4.Nf3 Nbd7 5.Bc4 Be7 6.O-O O-O 7.a4 c6 8.Re1 b6
9.Ba2 a6 10.Be3 Rb8 11.Nh4 exd4 12.Bxd4 Nc5 13.Nf3 Ne6 14.e5 Ne8 15.exd6 Bxd6
16.Ne4 Nxd4 17.Qxd4 c5 18.Qd3 Bg4 19.Neg5 Nf6 20.Nxf7 Rxf7 21.Ng5 Bh5 22.Nxf7 Bxf7
23.Bxf7+ Kxf7 24.Rad1 Ne8 25.Qxh7 Qd7 26.Qd3 b5 27.axb5 axb5 28.Re5 Rd8 29.Rd5 Qe6
30.g3 c4 31.Qf3+ Nf6 32.Rxb5 Kg8 33.Rb6 Qe5 34.Qe3 Ne4 35.Rbxd6  1-0

[Event "IX EICC w"]
[Site "Plovdiv BUL"]
[Date "2008.04.27"]
[Round "7"]
[White "Skinke,K"]
[Black "Klinova,M"]
[Result "1/2-1/2"]
[WhiteElo "2204"]
[BlackElo "2318"]

1.e4 d6 2.d4 Nf6 3.Nc3 e5 4.dxe5 dxe5 5.Qxd8+ Kxd8 6.Bc4 Be6 7.Bxe6 fxe6
8.f3 Bd6 9.Be3 Ke7 10.O-O-O Nc6 11.h4 a6 12.Nge2 Rad8 13.Rd2 Na5 14.b3 Ba3+
15.Kb1 Rxd2 16.Bxd2 Nc6 17.Be3 Rd8 18.Rd1 Rxd1+ 19.Nxd1 Nd7 20.c3 Bc5 21.Kc2 Bxe3
22.Nxe3 b5 23.b4 a5 24.a3 axb4 25.axb4 Nb6 26.Kb3 Kd6 27.Nc1 Nb8 28.Nd3 Nc6
29.Nc5 Nd7 30.Nd3 Nb6 31.Nc5 Nd7  1/2-1/2

[Event "ch-UZB"]
[Site "Tashkent UZB"]
[Date "2008.04.27"]
[Round "4"]
[White "Gubaydulin,T"]
[Black "Kayumov,S"]
[Result "0-1"]
[WhiteElo "2213"]
[BlackElo "2479"]

1.d4 d6 2.e4 Nf6 3.Nc3 e5 4.dxe5 dxe5 5.Qxd8+ Kxd8 6.Bg5 Nd7 7.Nf3 Bb4 8.O-O-O Bxc3
9.bxc3 Ke8 10.Nd2 Ng4 11.Bh4 f6 12.Nc4 Nb6 13.h3 Nh6 14.Na5 Nf7 15.f3 Nd8
16.Bf2 Ne6 17.h4 Ke7 18.a3 Na4 19.Rd3 Rd8 20.Kd2 c6 21.g3 Nec5 22.Rxd8 Kxd8
23.Nb3 Ne6 24.Bc4 b6 25.f4 Nb2 26.Bxe6 Bxe6 27.Kc1 Na4 28.Be1 Bxb3 29.cxb3 Nc5
30.Kc2 Nxe4 31.fxe5 fxe5 32.Rh2 Nd6 33.Re2 Nf7 34.c4 Kd7 35.a4 Ke6 36.a5 Nh6
37.Bc3 Ng4 38.b4 Rf8 39.a6 Rf3 40.Rd2 Ne3+ 41.Kb3 b5 42.cxb5 cxb5 43.Ka2 Nd5  0-1

[Event "IX EICC w"]
[Site "Plovdiv BUL"]
[Date "2008.04.29"]
[Round "8"]
[White "Mamedjarova,T"]
[Black "Stojanovic,An"]
[Result "1-0"]
[WhiteElo "2271"]
[BlackElo "2346"]

1.e4 d6 2.d4 Nf6 3.Nc3 e5 4.dxe5 dxe5 5.Qxd8+ Kxd8 6.Bg5 Nd7 7.Bc4 Ke8 8.O-O-O Bd6
9.Nf3 a6 10.Rhe1 b5 11.Bb3 Bb7 12.Nh4 b4 13.Nd5 Nxd5 14.Bxd5 Bxd5 15.Rxd5 f6
16.Be3 g6 17.Nf3 Ke7 18.Red1 Rhd8 19.g4 Ke6 20.Ne1 a5 21.Ng2 g5 22.f3 Be7
23.h4 h6 24.h5 Nf8 25.Bc5 Bxc5 26.Rxd8 Rxd8 27.Rxd8 Ke7 28.Ra8 Bb6 29.Kd2 Ne6
30.Ne3 Nd4 31.Nf5+ Nxf5 32.exf5  1-0

[Event "IX EICC"]
[Site "Plovdiv BUL"]
[Date "2008.04.30"]
[Round "9"]
[White "Gengler,P"]
[Black "Kostic,Neb"]
[Result "1/2-1/2"]
[WhiteElo "2200"]
[BlackElo "2334"]

1.e4 d6 2.d4 Nf6 3.Nc3 e5 4.dxe5 dxe5 5.Qxd8+ Kxd8 6.Nf3 Bd6 7.Ng5 Be6 8.Nxe6+ fxe6
9.Bc4 Ke7 10.Bg5 a6 11.a3 Nd7 12.O-O-O b5 13.Ba2 h6 14.Bh4 Rhb8 15.f3 b4
16.axb4 Rxb4 17.Rd2 Rab8 18.Nd1 a5 19.Be1 a4 20.Rxd6 cxd6 21.Bxb4 Rxb4 22.Ne3 Rb8
23.Rd1 Nb6 24.Rd3 Rc8 25.b3 axb3 26.Rxb3 Nfd7 27.Rb4 g6 28.Bb3 Ra8 29.Kb2 h5
30.Kb1 Ra5 31.Nc4 Nxc4 32.Bxc4 Ra7 33.Bb3 Nc5 34.Rb8 Rb7 35.Rh8 Kf6 36.Ka2 Rd7
37.Rf8+ Ke7 38.Rg8 Kf7 39.Rc8 Ra7+ 40.Kb2 Rb7 41.Rh8 Rd7 42.h4 Ke7 43.Rh7+ Kf6
44.Rxd7 Nxd7 45.Ba4 Nf8 46.g3 Kf7 47.Kc3 g5 48.hxg5 Ng6 49.Kd2 h4 50.gxh4 Nxh4
51.Ke3 Kg6 52.Kf2 Kxg5 53.Be8 Kf4 54.Bh5 d5 55.exd5 exd5 56.Bf7 d4 57.Bd5 Nf5
58.Be4 Nd6 59.Bd3 Nb7 60.Ba6 Nc5 61.Bb5 Ne6 62.Ba6 Ng7 63.Bc8 Nh5 64.Bb7 Ng3
65.Bc6 Nf5 66.Be4 Ne3 67.Ke2 Ng4 68.Bc6 Nf6 69.Kf2 Kf5 70.Ke2 Nh5 71.Kd2 Kf4
72.Ke2 Kf5 73.Kf2 Nf4 74.Be4+ Ke6 75.Ke1 Nd5 76.Kd2 Nc3 77.Bb7 Kf5 78.Ke1 Kf4
79.Kf2 Nd1+ 80.Ke2 Ne3 81.Be4 Kg3  1/2-1/2

[Event "IX EICC w"]
[Site "Plovdiv BUL"]
[Date "2008.04.30"]
[Round "9"]
[White "Komiagina,M"]
[Black "Khukhashvili,S"]
[Result "0-1"]
[WhiteElo "2285"]
[BlackElo "2371"]

1.e4 d6 2.d4 Nf6 3.Nc3 Nbd7 4.Nf3 e5 5.Bc4 Be7 6.O-O O-O 7.a4 c6 8.Re1 b6
9.b3 a6 10.Bb2 Qc7 11.Bd3 Bb7 12.Ne2 b5 13.Ng3 Rfe8 14.Nf5 Bf8 15.Qd2 h6
16.axb5 axb5 17.Rxa8 Rxa8 18.h3 Re8 19.Nh2 Kh7 20.Ng4 Nxg4 21.hxg4 g6 22.Ng3 Bg7
23.Bf1 Nf8 24.dxe5 dxe5 25.Rd1 Bc8 26.Be2 f6 27.Qd6 Qb7 28.Qb4 Ne6 29.Qa5 Bf8
30.b4 Be7 31.Ra1 Nf4 32.Bf3 Qd7 33.Qb6 Qe6 34.Ra7 Kg8 35.Qc7 Qd6 36.Qxd6 Bxd6
37.Bc3 Ne6 38.Bd2 Bf8 39.c3 c5 40.bxc5 Bxc5 41.Ra5 Bd7 42.Bd1 Kg7 43.Bb3 Nf8
44.Kf1 Rb8 45.f3 Bb6 46.Ra1 Ne6 47.Ne2 Nc5 48.Bd5 Na4 49.g3 Rh8 50.Kg2 Rd8
51.Rh1 g5 52.Rc1 Ba5 53.Kf1 Rc8 54.Ke1 Nc5 55.Ra1 Bb6 56.Ra8 Nd3+ 57.Kd1 Rxa8
58.Bxa8 Be6 59.Kc2 Bc4 60.Bd5 Bf2 61.Nc1 Nc5 62.Bxc4 bxc4 63.Ne2 Kg6 64.Bc1 h5
65.gxh5+ Kxh5 66.Ba3 Nd3 67.Kd1 g4 68.f4 Be3 69.fxe5 fxe5 70.Kc2 Kg6 71.Bc1 Bc5
72.Bd2 Nf2 73.Nc1 Nxe4 74.Be1 Kf5 75.Na2 Nf2 76.Nb4 Ke4 77.Nc6 Nd3 78.Bd2 Bf2
79.Nd8 Bxg3 80.Nf7 Bf4 81.Nd6+ Kd5 82.Nf5 g3 83.Ne3+ Bxe3 84.Bxe3 Ke4 85.Kd2 Kf3
86.Bb6 e4 87.Bd4 Nf2 88.Ke1 e3  0-1